MARC

LEADER 00000nam0a2200000 4500
001 328062
005 20231102004025.0
035 |a (RuTPU)RU\TPU\book\353752 
090 |a 328062 
100 |a 20170210d1953 m y0rusy50 ca 
101 0 |a rus 
102 |a RU 
105 |a a j 001zy 
200 1 |a Тяговые подстанции на угольных карьерах  |e учебное пособие  |f И. В. Кириллов 
210 |a Москва  |a Ленинград  |c Углетехиздат  |d 1953 
215 |a 228 с.  |c ил. 
320 |a Библиогр.: с. 226 
606 1 |a Угольные карьеры  |x Электроснабжение  |2 stltpush  |3 (RuTPU)RU\TPU\subj\62633  |9 79702 
606 1 |a Карьерные железные дороги  |x Электроснабжение  |2 stltpush  |3 (RuTPU)RU\TPU\subj\13942  |9 40475 
610 1 |a тяговые подстанции 
610 1 |a железные дороги 
610 1 |a электротехника 
610 1 |a ртутные выпрямители 
610 1 |a трансформаторы 
610 1 |a коммутационная аппаратура 
610 1 |a токоведущие части 
610 1 |a изоляторы 
610 1 |a разрядники 
610 1 |a аккумуляторные батареи 
610 1 |a релейная защита 
610 1 |a заземление 
610 1 |a электрические соединения 
610 1 |a техника безопасности 
610 1 |a учебные пособия 
675 |a 622.333.012.3(075.3)  |v 4 
675 |a 622.683(075.3)  |v 4 
700 1 |a Кириллов  |b И. В. 
801 1 |a RU  |b 63413507  |c 20170210 
801 2 |a RU  |b 63413507  |c 20170213  |g RCR 
942 |c BK